Oscars for Best Picture 1990-2025 - Statistics

General Stats
  • This quiz has been taken 415 times
    95 since last reset
  • The average score is 29 of 36
Answer Stats
Question Answer % Correct
2023 Oppenheimer
98%
2022 Everything Everywhere All at Once
96%
1993 Schindler's List
94%
1991 The Silence of the Lambs
93%
2000 Gladiator
91%
2019 Parasite
91%
2008 Slumdog Millionaire
90%
1997 Titanic
90%
2025 One Battle After Another
89%
2003 LOTR: The Return of the King
88%
2024 Anora
86%
2018 Green Book
86%
2001 A Beautiful Mind
84%
2006 The Departed
84%
1995 Braveheart
83%
2016 Moonlight
82%
2020 Nomadland
82%
2010 The King's Speech
82%
2017 The Shape of Water
81%
1999 American Beauty
80%
2014 Birdman
80%
1994 Forrest Gump
80%
2004 Million Dollar Baby
80%
2011 The Artist
78%
2013 12 Years a Slave
77%
2021 CODA
76%
1990 Dance with Wolves
76%
2009 The Hurt Locker
72%
2007 No Country for Old Men
69%
2012 Argo
67%
2005 Crash
66%
1996 The English Patient
66%
1998 Shakespeare in Love
63%
2002 Chicago
62%
2015 Spotlight
62%
1992 Unforgiven
57%
No matching quizzes found
Score Distribution
Percent of People with Each Score
Percentile by Number Answered
Your Score History
You have not taken this quiz since the last reset